Central Library OPAC University of Rajshahi

The partition of India : (Record no. 26675)

MARC details
000 -LEADER
fixed length control field 00940nam a2200289 a 4500
001 - CONTROL NUMBER
control field 26675
003 - CONTROL NUMBER IDENTIFIER
rucl marc code BD-RjUL
005 - DATE AND TIME OF LATEST TRANSACTION
control field 20211209051042.0
008 - FIXED-LENGTH DATA ELEMENTS--GENERAL INFORMATION
fixed length control field 140323t1970 enk b 101 0 eng d
020 ## - INTERNATIONAL STANDARD BOOK NUMBER
International Standard Book Number 0049540130
035 ## - SYSTEM CONTROL NUMBER
System control number (BD-RjUL)26745
040 ## - CATALOGING SOURCE
Original cataloging agency DLC
Language of cataloging eng
Transcribing agency DLC
Modifying agency BD-RjUL
041 ## - LANGUAGE CODE
Language code of text/sound track or separate title eng
082 04 - DEWEY DECIMAL CLASSIFICATION NUMBER
Classification number 954
Author mark and year PAR 1970
245 04 - TITLE STATEMENT
Title The partition of India :
Remainder of title policies and perspectives, 1935-1947 /
Statement of responsibility, etc. edited by C.H. Philips and Mary Doreen Wainwright.
260 ## - PUBLICATION, DISTRIBUTION, ETC. (IMPRINT)
Place of publication, distribution, etc. London :
Name of publisher, distributor, etc. Allen & Unwin,
Date of publication, distribution, etc. 1970.
300 ## - PHYSICAL DESCRIPTION
Pagination 3 -607 p. ;
Size 25 cm.
500 ## - GENERAL NOTE
General note Proceedings of a conference held in London in 1967.
504 ## - BIBLIOGRAPHY, ETC. NOTE
Bibliography, etc includes index.
650 #0 - SUBJECT ADDED ENTRY--TOPICAL TERM
Topical term or geographic name as entry element Muslims
Geographic subdivision India.
9 (RLIN) 81972
651 #0 - SUBJECT ADDED ENTRY--GEOGRAPHIC NAME
Geographic name India
General subdivision Politics and government
Chronological subdivision 1919-1947.
9 (RLIN) 81973
700 1# - ADDED ENTRY--PERSONAL NAME
Personal name Philips, C. H.
Fuller form of name (Cyril Henry),
Dates associated with a name 1912-2005
Personal name Wainwright, Mary Doreen.
942 ## - ADDED ENTRY ELEMENTS (KOHA)
Source of classification or shelving scheme Dewey Decimal Classification
Koha item type Books
Holdings
Lost status Source of classification or shelving scheme Damaged status Not for loan Collection code Permanent Location Current Location Shelving location Date acquired Source of acquisition Cost, normal purchase price Total Checkouts Full call number Date last seen Copy number Koha item type
  Dewey Decimal Classification     Non-fiction Central Library, University of Rajshahi Central Library, University of Rajshahi   10/07/1972 Book Centre 12.00   954 PAR 1970 23/03/2014 C-4 Books